000
00243nam a2200097 4500
008
240222b |||||||| |||| 00| 0 eng d
245
_a
Logos-Vol. 28, no. 1 (March 1989)
246
_a
Towards liberation in Pakistan
260
_c
1989
942
_c
CR
999
_c
4794
_d
4794